Т. 1, вып. 4; Письма в редакцию ЖЭТФ

Bibliografiske detaljer
Parent link:Письма в редакцию ЖЭТФ/ Академия наук СССР. Т. 1, вып. 4.— , 1965-1969.— 0370-274X
Sprog:russisk
Udgivet: 1965
Format: MixedMaterials Bog
KOHA link:https://koha.lib.tpu.ru/cgi-bin/koha/opac-detail.pl?biblionumber=384478

MARC

LEADER 00000nam2a2200000 4500
001 384478
005 20231101063242.0
035 |a (RuTPU)RU\TPU\prd\11139 
090 |a 384478 
100 |a 20030303a19651969k y0rusy50 ca 
101 0 |a rus 
102 |a RU 
200 0 |a Т. 1, вып. 4 
210 |d 1965 
461 1 |0 (RuTPU)RU\TPU\prd\292  |x 0370-274X  |t Письма в редакцию ЖЭТФ  |f Академия наук СССР  |v Т. 1, вып. 4  |d 1965-1969 
801 0 |a RU  |b 63413507  |c 20010227  |g PSBO 
801 1 |a RU  |b 63413507  |c 20030303  |g PSBO 
801 2 |a RU  |b 63413507  |c 20100420  |g RCR 
942 |c BK 
999 |a НТБ_ТПУ  |b НФ  |e -8/20100113  |p П-770аб  |u 0,00  |v 1